000 00787nam a22002177a 4500
999 _c12983
_d12983
003 AR-CdUCM
008 190410b ||||| |||| 00| 0 eng d
020 _a9972-9566-0-1
040 _aMUNICIPALIDAD PROVINCIAL DEL CUSCO
_cBIBLIOTECA MUNICIPAL DEL CUSCO
082 _22ed.
_a331.34 /
_bL99
110 _aAsociacion Qosqo Maki
_931134
245 _a¿Se lo lustro? /
260 _aCusco :
_bGráfica Bellido,
_c2002 .
300 _a85 paginas ;
_bIlustraciones,
_c21 cm.
505 _aContenido :Cuantos lustrabotas hay en Cusco -- Cuantos somos y que como hacemos -- Cuantos años tienen los lustrabotas -- Estudian los lustrabotas...
650 _aCusco
_9772
650 _aVivencias
_92268
650 _aTrabajadores
_98056
942 _2ddc
_cLIBROS
945 _awnts
_d2019-04-10